|
|
|
|
| LEADER |
00000nkm a2200000 a 4500 |
| 001 |
vtls011920206 |
| 003 |
SK-MaSNL |
| 005 |
20260512123124.0 |
| 007 |
kp co |
| 008 |
231120s1972 xo g kuslo |
| 015 |
|
|
|a SNBG19672
|
| 035 |
|
|
|a urn:nbn:sk:snk-km00e9zp
|
| 035 |
|
|
|a urn:nbn:sk:snk-km43h6i
|
| 035 |
|
|
|a 47F403C7-AE78-46C8-9117-ECA23EDF03F0
|
| 040 |
|
|
|a SNK
|b slo
|c SNK
|e AACR2
|
| 041 |
0 |
|
|a slo
|
| 043 |
|
|
|a e-xo---
|
| 044 |
|
|
|a xo
|c SK
|
| 072 |
|
7 |
|a 908(437)
|x Vlastiveda Česka a Slovenska
|2 konspekt
|
| 080 |
|
|
|a 908(437.6)
|2 2011
|
| 080 |
|
|
|a 551.4.036
|2 2011
|
| 080 |
|
|
|a (084.121)
|2 2011
|
| 080 |
|
|
|a 911.2(23.0)
|2 2011
|
| 080 |
|
|
|a 911.2(23.046)
|2 2011
|
| 080 |
|
|
|a (234.372.4)
|2 2011
|
| 245 |
1 |
0 |
|a Dolný Kubín, Choč a Nízke Tatry z chaty na Kubínskej holi
|h grafika
|c foto: V. Medzihradský
|
| 260 |
|
|
|a Bratislava
|b Šport
|c 1972
|e Martin
|f Tlačiarne SNP
|
| 300 |
|
|
|a 1 pohľadnica
|b farebná
|c 11 x 22 cm
|
| 520 |
8 |
|
|a Zobrazenie: Pohľad na dolinu z Kubínskej Hole. V popredí sú vrcholky ihličnatých stromov. V doline vidno lúky a mestá, Dolný Kubín, Kňažiu. V pozadí za nimi je Veľký Choč a Nízke Tatry v pozadí
|
| 650 |
0 |
7 |
|a hory
|2 SNKPH
|9 55651
|
| 650 |
0 |
7 |
|a doliny
|2 SNKPH
|9 256361
|
| 651 |
|
7 |
|a Veľký Choč (Chočské vrchy, Slovensko : vrch)
|2 SNKPHgeo
|9 165132
|
| 651 |
|
7 |
|a Nízke Tatry (Slovensko : pohorie)
|2 SNKPHgeo
|9 173011
|
| 651 |
|
7 |
|a Dolný Kubín (Slovensko)
|2 SNKPHgeo
|9 168992
|
| 651 |
|
7 |
|a Kňažia (Dolný Kubín, Slovensko)
|2 SNKPHgeo
|9 187488
|
| 655 |
|
7 |
|a geografické pohľadnice
|2 SNKPH
|9 70522
|
| 852 |
|
|
|a Slovenská národná knižnica
|
| 954 |
|
|
|a pohľadnice pôvodné (slovenské)
|2 lita
|
| 958 |
|
|
|a GBN
|
| 958 |
|
|
|a GC
|
| 958 |
|
|
|a OND
|
| 958 |
|
|
|a EUIPO
|
| 999 |
|
|
|c 692781
|d 694711
|
| 952 |
|
|
|a SNK
|b SNK
|y PREZ
|7 0
|p 17A1381472
|o snkSP 53633
|0 0
|1 0
|4 0
|d 2020-02-26
|f 1
|l 0
|r 2026-02-23 20:32:22
|w 2026-02-23
|